LEADER 04298nam 2200781 450 001 9910794719603321 005 20230403171339.0 010 $a1-78533-692-4 024 7 $a10.1515/9781785336928 035 $a(CKB)4340000000191033 035 $a(MiAaPQ)EBC4913996 035 $a(DE-B1597)637145 035 $a(DE-B1597)9781785336928 035 $a(EXLCZ)994340000000191033 100 $a20171030h20182018 uy 0 101 0 $aeng 135 $aurcnu|||||||| 181 $2rdacontent 182 $2rdamedia 183 $2rdacarrier 200 04$aThe anthropology of the fetus $ebiology, culture, and society /$fedited by Sallie Han, Tracy K. Betsinger, and Amy B. Scott 210 1$aNew York, New York ;$aOxford, [England] :$cBerghahn Books,$d2018. 210 4$dİ2018 215 $a1 online resource (315 pages) $cillustrations, tables 225 1 $aFertility, Reproduction and Sexuality ;$v38 311 $a1-78533-691-6 320 $aIncludes bibliographical references at the end of each chapters and index. 327 $tFrontmatter --$tContents --$tList of Illustrations --$tAcknowledgments --$tForeword. How/Shall We Consider the Fetus? --$tIntroduction. Conceiving the Anthropology of the Fetus --$tPART I: The Fetus in Biosocial Perspective --$tChapter 1. The Borderless Fetus: Temporal Complexity of the Lived Fetal Experience --$tChapter 2. The Biology of the Fetal Period: Interpreting Life from Fetal Skeletal Remains --$tChapter 3. Pregnant with Ideas: Concepts of the Fetus in the Twenty-First-Century United States --$tPART II: Finding Fetuses in the Past: Archaeology and Bioarchaeology --$tChapter 4. The Bioarchaeology of Fetuses --$tChapter 5. Fetal Paleopathology: An Impossible Discipline? --$tChapter 6. The Neolithic Infant Cemetery at Gebel Ramlah in Egypt?s Western Desert --$tChapter 7. Excavating Identity: Burial Context and Fetal Identity in Postmedieval Poland --$tPART III: The Once and Future Fetus: Sociocultural Anthropology --$tChapter 8. Waiting: The Redemption of Frozen Embryos through Embryo Adoption and Stem Cell Research in the United States --$tChapter 9. Deploying the Fetus: Constructing Pregnancy and Abortion in Morocco --$tChapter 10. Beyond Life Itself: The Embedded Fetuses of Russian Orthodox Anti-Abortion Activism --$tChapter 11. The ?Sound? of Life: Or, How Should We Hear a Fetal ?Voice?? --$tConclusion --$tGlossary --$tIndex 330 $aAs a biological, cultural, and social entity, the human fetus is a multifaceted subject which calls for equally diverse perspectives to fully understand. Anthropology of the Fetus seeks to achieve this by bringing together specialists in biological anthropology, archaeology, and cultural anthropology. Contributors draw on research in prehistoric, historic, and contemporary sites in Europe, Asia, North Africa, and North America to explore the biological and cultural phenomenon of the fetus, raising methodological and theoretical concerns with the ultimate goal of developing a holistic anthropology of the fetus. 410 0$aFertility, reproduction, and sexuality ;$v38. 606 $aPhysical anthropology 606 $aHuman biology 606 $aFetus$xSocial aspects 610 $aanthropology. 610 $aarchaeology. 610 $abiological anthropology. 610 $abiology. 610 $achild birth. 610 $acontemporary. 610 $acontroversial issues. 610 $acultural anthropology. 610 $afetus. 610 $ahealth and well being. 610 $aholistic anthropology. 610 $apolitical issue. 610 $apregnancy. 610 $aprehistoric. 610 $areproduction. 610 $areproductive right. 610 $areproductive rights. 610 $ascience. 610 $asexuality. 610 $asocial issues. 610 $asocial science. 615 0$aPhysical anthropology. 615 0$aHuman biology. 615 0$aFetus$xSocial aspects. 676 $a306 702 $aBetsinger$b Tracy K. 702 $aHan$b Sallie 702 $aScott$b Amy B. 801 0$bMiAaPQ 801 1$bMiAaPQ 801 2$bMiAaPQ 906 $aBOOK 912 $a9910794719603321 996 $aThe anthropology of the fetus$93720798 997 $aUNINA LEADER 01362nam 2200457 450 001 9910820796103321 005 20230803211334.0 010 $a1-78084-475-1 010 $a1-78084-474-3 035 $a(CKB)4330000000072258 035 $a(MiAaPQ)EBC5092361 035 $a(Au-PeEL)EBL5092361 035 $a(CaPaEBR)ebr11451903 035 $a(OCoLC)953863350 035 $a(EXLCZ)994330000000072258 100 $a20171107h20142014 uy 0 101 0 $aeng 135 $aurcnu|||||||| 181 $2rdacontent 182 $2rdamedia 183 $2rdacarrier 200 00$aCurrent issues in age-related macular degeneration /$feditors, Robyn Guymer, Chi Luu 210 1$aLondon, England :$cFuture Medicine Ltd,$d2014. 210 4$dİ2014 215 $a1 online resource (210 pages) $cillustrations (some color) 311 $a1-78084-476-X 320 $aIncludes bibliographical references at the end of each chapters and index. 606 $aRetinal degeneration 606 $aEye$xAging 615 0$aRetinal degeneration. 615 0$aEye$xAging. 676 $a617.735 702 $aGuymer$b Robyn 702 $aLuu$b Chi 801 0$bMiAaPQ 801 1$bMiAaPQ 801 2$bMiAaPQ 906 $aBOOK 912 $a9910820796103321 996 $aCurrent issues in age-related macular degeneration$94010030 997 $aUNINA LEADER 03780oam 2201177zu 450 001 9910702846203321 005 20210803232713.0 010 $a0-07-140540-2 035 $a(CKB)111004365714422 035 $a(SSID)ssj0000250316 035 $a(PQKBManifestationID)12048374 035 $a(PQKBTitleCode)TC0000250316 035 $a(PQKBWorkID)10232499 035 $a(PQKB)11584316 035 $a(OCoLC)427095796 035 $a(OCoLC)812610835 035 $a(EXLCZ)99111004365714422 100 $a20160829d1997 uy 101 0 $aeng 135 $aurcn||||||||| 181 $ctxt 182 $cc 183 $acr 200 10$aSt. John's wort : the premier herb for relieving depression, healing wounds, and easing nerve pain 205 $aUpdated Mar. 2008. 210 31$a[Place of publication not identified]$cKeats$d1997 215 $a2 pages $cdigital, PDF file 225 0 $aKeats good herb guide St. John's wort 300 $aBibliographic Level Mode of Issuance: Monograph 311 $a0-87983-813-2 320 $aIncludes bibliographical references (page [2]). 606 $aDepression, Mental$xAlternative treatment 606 $aHypericum perforatum$xTherapeutic use 606 $aDepressive Disorder 606 $aXanthenes 606 $aPlant Extracts 606 $aPerylene 606 $aDepression 606 $aBenz(a)Anthracenes 606 $aMood Disorders 606 $aBehavioral Symptoms 606 $aPlant Preparations 606 $aPharmaceutical Preparations 606 $aHeterocyclic Compounds, 3-Ring 606 $aPhenalenes 606 $aPolycyclic Aromatic Hydrocarbons 606 $aPharmaceutical Preparations 606 $aBehavior 606 $aBiological Products 606 $aMental Disorders 606 $aHeterocyclic Compounds 606 $aPsychiatry 606 $aPolycyclic Compounds 606 $aHydrocarbons, Aromatic 606 $aBehavior and Behavior Mechanisms 606 $aComplex Mixtures 606 $aHydrocarbons, Cyclic 606 $aHydrocarbons 606 $aOrganic Chemicals 606 $aPsychiatric Disorders, Individual$2HILCC 606 $aPsychiatry$2HILCC 606 $aHealth & Biological Sciences$2HILCC 615 0$aDepression, Mental$xAlternative treatment. 615 0$aHypericum perforatum$xTherapeutic use. 615 2$aDepressive Disorder. 615 2$aXanthenes. 615 2$aPlant Extracts. 615 2$aPerylene. 615 2$aDepression. 615 2$aBenz(a)Anthracenes. 615 2$aMood Disorders. 615 2$aBehavioral Symptoms. 615 2$aPlant Preparations. 615 2$aPharmaceutical Preparations. 615 2$aHeterocyclic Compounds, 3-Ring. 615 2$aPhenalenes. 615 2$aPolycyclic Aromatic Hydrocarbons. 615 2$aPharmaceutical Preparations. 615 2$aBehavior. 615 2$aBiological Products. 615 2$aMental Disorders. 615 2$aHeterocyclic Compounds. 615 2$aPsychiatry. 615 2$aPolycyclic Compounds. 615 2$aHydrocarbons, Aromatic. 615 2$aBehavior and Behavior Mechanisms. 615 2$aComplex Mixtures. 615 2$aHydrocarbons, Cyclic. 615 2$aHydrocarbons. 615 2$aOrganic Chemicals. 615 7$aPsychiatric Disorders, Individual 615 7$aPsychiatry 615 7$aHealth & Biological Sciences 676 $a616.8/527061 700 $aUpton$b Roy$01351580 712 02$aNational Center for Complementary and Alternative Medicine (U.S.) 801 0$bPQKB 906 $aBOOK 912 $a9910702846203321 996 $aSt. John's wort : the premier herb for relieving depression, healing wounds, and easing nerve pain$93120626 997 $aUNINA